000 01168cam a22003375a 4500
001 15766334
005 20150826145420.0
006 a||||f ||z 00| 0
008 090605t2010 paua frd 001 0 eng d
020 _a9781605476339
020 _a1605476331
040 _aDNLM/DLC
_cDLC
_dDLC
_dEG-ScBUE
_beng
050 0 0 _aRM301.28
_b.S34 2010
082 0 4 _a615.58
_222
_bFOR
100 1 _aFord, Susan M.
_938398
245 1 0 _aRoach's introductory clinical pharmacology /
_cSusan M. Ford, Sally S. Roach.
246 3 0 _aIntroductory clinical pharmacology
250 _a9th ed.
260 _aPhiladelphia :
_bWolters Kluwer/Lippincott Williams & Wilkins Health,
_cc.2010.
300 _axviii, 652 p. :
_bill. (col.) ;
_c32 cm. +
_e1 (DVD-ROM)
490 0 _aLippincott's practical nursing
500 _aRev. ed. of: Introductory clinical pharmacology / Sally S. Roach, Susan M. Ford. 8th ed. c2008.
500 _aGlossary : p. 583-591.
500 _aIndex : p. 613-652.
650 0 _aClinical pharmacology
_2BUEsh
651 _2BUEsh
653 _bPPhrm
_cJune2015
_cAugust2015
655 _vreading book
_934232
700 1 _aRoach, Sally S.
942 _2ddc
999 _c20079
_d20051